[Event "GRE-ch U14 Girls"]
[Site "Rio Achaia"]
[Date "2012.06.26"]
[Round "4.5"]
[White "Kotsoglou, Evi"]
[Black "Poulopoulou, Ekaterini"]
[Result "1/2-1/2"]
[WhiteElo "1268"]
[BlackElo "1444"]
[PlyCount "94"]
[EventDate "2012.06.24"]
[EventType "swiss"]
[EventRounds "7"]
[EventCountry "GRE"]
[SourceTitle "EXT 2024"]
[Source "ChessBase"]
[SourceDate "2023.10.10"]
[SourceVersion "1"]
[SourceVersionDate "2023.10.10"]
[SourceQuality "1"]

1. e4 c5 2. Nc3 Nc6 3. f4 g6 4. Nf3 Bg7 5. Be2 d6 6. 0-0 Bg4 7. d3 Bxf3 8. Bxf3 Nd4 9. Bd2 e6 10. Rc1 Ne7 11. Qe1 0-0 12. Bd1 b5 13. Rb1 Nec6 14. Ne2 Nxe2+ 15. Qxe2 Nd4 16. Qg4 f5 17. Qh3 Qf6 18. Be1 fxe4 19. c3 Nc6 20. Bh4 Qf7 21. Bg4 Rae8 22. dxe4 Bf6 23. Bg3 Qe7 24. f5 Ne5 25. Bxe5 Bxe5 26. fxe6 h5 27. Be2 c4 28. Qe3 Qxe6 29. Qxa7 d5 30. Qc5 Bd6 31. Qxb5 Qe5 32. Qxd5+ Qxd5 33. Rxf8+ Kxf8 34. exd5 Rxe2 35. h3 Rd2 36. b4 cxb3 37. axb3 Rxd5 38. c4 Rc5 39. Rd1 Ke7 40. Kf2 Rc6 41. Rc1 Bc5+ 42. Kf3 Rd6 43. Rb1 Rb6 44. Ke4 Ke6 45. Rb2 Ba3 46. Rb1 Bc5 47. Rb2 Ba3 1/2-1/2